000 00473nam a2200145Ia 4500
008 220216s9999 xx 000 0 und d
100 _aSenevirathna A M W K
245 0 _aIncorporation of scientific and local knowledge in rubber farming systems: A useful tool
260 _bBulletin of the Rubber Research Institute of Sri Lanka
_c2006
300 _a7-Jan
650 _aKnowledge database
650 _aRubber based farming system
650 _aSri Lanka
942 _cJS
999 _c61004
_d61004